=LDR 00000nam 2200000 4500 =001 INLIS000000000020391 =005 20200227080720 =035 ##$$a 0010-061300000020391 =008 200227################g##########0#ind## =041 ##$$a Ind =082 ##$$a 152.4 =090 ##$$a 152.4, Ett m =100 ##$$a Etty, Maria =245 1#$$a Mengelola emosi tips praktis meraih kebahagiaan, oleh Maria Etty /$c Maria Etty =260 ##$$a Jakarta :$b Gramedia,$c 2004 =300 ##$$a viii, 144 hlm : $b ilus. ; $c 22 x 15 cm. =650 #4$$a Emosi =850 ##$$a NBPNMAT =084 ##$$a 152.4 ETT m =250 ##$$a cet. 2 =990 ##$$a 20612859